Word Ladder: Musical Artist Missing First Word Quiz Stats

 Plays Quiz Updated Apr 5, 2018

Score 0/48 Timer 05:00
2 Plays Today
Clue 4-Letter Word % Correct
• ____ Osbourne •• OZZY •
96.7%
Dessert with icingCAKE
95.4%
Garment for DraculaCAPE
95.1%
To make a duplicate ofCOPY
95.1%
Opposite of 'naughty'NICE
94.4%
Dislike intenselyHATE
94.4%
Big name in sneakersNIKE
93.9%
Handle difficultiesCOPE
93%
Breakfast, lunch or dinner, e.g.MEAL
92.8%
Native of DenmarkDANE
92.6%
Red root vegetableBEET
92.5%
Comfortable and warmCOZY
92.5%
• ____ Purple •• DEEP •
92.4%
Truck's backing-up soundBEEP
92.3%
Be in material possession ofHAVE
92.3%
• ____ Matthews •• DAVE •
92.3%
Distribute cardsDEAL
92.2%
• ____ Ellington •• DUKE •
92%
Seashore sand hillDUNE
91.8%
• ____ That •• TAKE •
91.4%
To microwave, slangilyNUKE
91.2%
• ____ Maiden •• IRON •
90.8%
Spoiled childBRAT
90.6%
• ____ Clapton •• ERIC •
90.5%
Clue 4-Letter Word % Correct
Land title documentDEED
90.4%
Castle's protective trenchMOAT
90.3%
• ____ Astley •• RICK •
90.1%
Stiff; bereft of lifeDEAD
89.4%
World-domination board gameRISK
89.4%
Break from activityREST
89.2%
Soft French cheeseBRIE
88.8%
Englishman, for shortBRIT
88.7%
Expose one's buttocksMOON
88.6%
Iron oxideRUST
88.1%
Most excellent; to outwitBEST
88.1%
Leaking slowlyOOZY
88%
Lake between Huron and OntarioERIE
87.8%
Healthy cereal choiceBRAN
87.6%
• ____ Cave •• NICK •
87.1%
No longer worth discussingMOOT
86.8%
• ____ Puppets •• MEAT •
86.3%
• ____ Bush •• KATE •
85%
Anecdotal narrativeTALE
85%
OPEC founding memberIRAN
84.4%
Variety of cabbageKALE
83.9%
A baby's teething biscuitRUSK
83.2%
1982 Disney sci-fi filmTRON
82.8%
Loony tag-alongTOON
81.7%

Today's Daily Dose

Word Ladder
Bruno Mars Song

Get the Picture
Japanese Cars

You're not logged in!

Compare scores with friends on all Sporcle quizzes.
OR
Log In

You Might Also Like...

Show Comments

Extras

Top Quizzes Today


Score Distribution

Your Account Isn't Verified!

In order to create a playlist on Sporcle, you need to verify the email address you used during registration. Go to your Sporcle Settings to finish the process.

Report this User

Report this user for behavior that violates our Community Guidelines.

Details: